| 000 | 01280nam0a2200325 4500 | ||
|---|---|---|---|
| 001 | RU\NLR\bibl\848560 | ||
| 005 | 20250614151251.0 | ||
| 010 |
_a5-9573-0552-9 _910000 |
||
| 021 |
_aRU _b2005-22842 _91162 |
||
| 035 | _a(NLR Aleph) 000837323 | ||
| 090 |
_a1398457 _c1398457 |
||
| 100 | _a20051005d2005 |||y0rusy50 ca | ||
| 101 | 0 | _arus | |
| 102 | _aRU | ||
| 105 | _aa z ||||| | ||
| 200 | 1 |
_aБоровая матка - сибирское лекарство от женских болезней _fМарина Коновалова |
|
| 210 |
_aСанкт-Петербург _cВесь _d2005 |
||
| 215 |
_a62,[2] с. _cил. _d20 |
||
| 225 | 1 | _aРецепты кладовых природы | |
| 225 | 1 | _aКачественные книги о здоровье | |
| 606 | 1 |
_aГинекологические болезни _xФитотерапия _92154597 _3RU\NLR\auth\661297214 |
|
| 606 | 1 |
_aОртилия однобокая _xЛечебное применение _92387817 _3RU\NLR\auth\661424207 |
|
| 686 | _aР715-525 | ||
| 686 | _aР282.111 Ортилия однобокая | ||
| 700 | 1 |
_aКоновалова _bМ. С. _gМарина С. _4070 |
|
| 801 | 0 |
_aRU _bNLR _c20051005 _grcr |
|
| 801 | 1 |
_aRU _bNLR _c20051005 |
|
| 942 | _cBOOK | ||
| 980 | _aNB | ||